Behold the Lamb / (Record no. 4265)
[ view plain ]
| 000 -LEADER | |
|---|---|
| fixed length control field | 00998cam a2200313 a 4500 |
| 001 - CONTROL NUMBER | |
| control field | 139811 |
| 003 - CONTROL NUMBER IDENTIFIER | |
| control field | GBCCL |
| 005 - DATE AND TIME OF LATEST TRANSACTION | |
| control field | 20241126110514.0 |
| 008 - FIXED-LENGTH DATA ELEMENTS--GENERAL INFORMATION | |
| fixed length control field | 840104s1984 ilu 000 0 eng |
| 010 ## - | |
| -- | 83051299 |
| 020 ## - INTERNATIONAL STANDARD BOOK NUMBER | |
| International Standard Book Number | 088207623X (pbk.) |
| 020 ## - INTERNATIONAL STANDARD BOOK NUMBER | |
| International Standard Book Number | 9780882076232 (pbk.) |
| 035 ## - SYSTEM CONTROL NUMBER | |
| System control number | (OCoLC)ocm10669041 |
| 035 ## - SYSTEM CONTROL NUMBER | |
| System control number | (OCoLC)10669041 |
| 040 ## - CATALOGING SOURCE | |
| Original cataloging agency | DLC |
| Transcribing agency | DLC |
| Modifying agency | BAKER |
| -- | BTCTA |
| -- | YDXCP |
| -- | LBB |
| 049 ## - | |
| -- | LBBK |
| -- | 1-2 |
| 050 0# - | |
| -- | BS2615.5 |
| -- | .H83 1984 |
| 082 0# - DEWEY DECIMAL CLASSIFICATION NUMBER | |
| Classification number | 226.506 |
| Edition information | 19 |
| Item number | HUG |
| 090 ## - LOCALLY ASSIGNED LC-TYPE CALL NUMBER (OCLC); LOCAL CALL NUMBER (RLIN) | |
| Classification number (OCLC) (R) ; Classification number, CALL (RLIN) (NR) | BS2615.5 |
| Local cutter number (OCLC) ; Book number/undivided call number, CALL (RLIN) | .H83 1984 |
| 100 1# - MAIN ENTRY--PERSONAL NAME | |
| Personal name | Hughes, R. Kent. |
| 9 (RLIN) | 8071 |
| 245 10 - TITLE STATEMENT | |
| Title | Behold the Lamb / |
| Statement of responsibility, etc. | R. Kent Hughes ; [foreword by Joseph Bayly]. |
| 260 ## - PUBLICATION, DISTRIBUTION, ETC. | |
| Place of publication, distribution, etc. | Wheaton, Ill. : |
| Name of publisher, distributor, etc. | Victor Books, |
| Date of publication, distribution, etc. | c1984. |
| 300 ## - PHYSICAL DESCRIPTION | |
| Extent | 175 p. ; |
| Dimensions | 21 cm. |
| 500 ## - GENERAL NOTE | |
| General note | "A Victor adult elective/13 sessions"--P. [4] of cover. |
| 520 ## - SUMMARY, ETC. | |
| Summary, etc. | Lloyd M. Perry Collection. |
| 630 00 - SUBJECT ADDED ENTRY--UNIFORM TITLE | |
| Uniform title | Bible. |
| Name of part/section of a work | N.T. |
| -- | John I-X |
| General subdivision | Study and teaching. |
| 9 (RLIN) | 8072 |
| 650 #0 - SUBJECT ADDED ENTRY--TOPICAL TERM | |
| Topical term or geographic name entry element | Christian education |
| Form subdivision | Textbooks for adults. |
| 9 (RLIN) | 8073 |
| 942 ## - ADDED ENTRY ELEMENTS (KOHA) | |
| Source of classification or shelving scheme | Dewey Decimal Classification |
| Koha item type | Books |
| Withdrawn status | Lost status | Source of classification or shelving scheme | Damaged status | Not for loan | Home library | Current Library | Shelving location | Date acquired | Total checkouts | Full call number | Barcode | Date last seen | Date last checked out | Copy number | Price effective from | Koha item type |
|---|---|---|---|---|---|---|---|---|---|---|---|---|---|---|---|---|
| Dewey Decimal Classification | GRACE BIBLE COLLEGE | GRACE BIBLE COLLEGE | Biblical Studies | 2018-01-17 | 1 | 226.506 HUG | 008136 | 2026-01-21 | 2026-01-14 | c.1 | 2018-01-17 | Books |